00588nam a2200181Ia 4500100001900000650001300019250000600032942000700038366000900045654001500054245007100069260003800140082002100178300000900199546001200208999001700220952016900237 aFranco/Sergio  aCIRCUITS a3 cBK f17.5 aamplifiers aDesign with operational amplifiers and analog integrated circuits bTata McGraw HillaNew Delhic2002 a621.395/FRAbFRA a1093 aENGLISH c29590d29590 001040708CRCaCRCEbCRCEd2023-03-17eEducational books and periodicalsg268.13i208 dt 25/02/2009l0o621.395/FRA FRAp19371r2023-03-17v325.00w0000-00-00yBK